[Event "GER Seniors Derby 07th"]
[Site "Wesel Undeloh"]
[Date "2008.03.30"]
[Round "7.9"]
[White "Buedenbender, Hermann"]
[Black "Mayer, Herbert"]
[Result "1-0"]
[WhiteElo "1713"]
[BlackElo "1775"]
[PlyCount "67"]
[EventDate "2008.03.27"]
[EventType "swiss"]
[EventRounds "7"]
[EventCountry "GER"]
[SourceTitle "EXT 2022"]
[Source "ChessBase"]
[SourceDate "2021.10.06"]
[SourceVersion "1"]
[SourceVersionDate "2021.10.06"]
[SourceQuality "1"]

1. e4 c5 2. Nf3 a6 3. a4 Nc6 4. Bc4 e6 5. d3 d5 6. exd5 exd5 7. Ba2 Be7 8. h3 Nf6 9. Bf4 0-0 10. c3 h6 11. 0-0 Be6 12. Nbd2 b5 13. Ne5 Nxe5 14. Bxe5 c4 15. d4 Nd7 16. Bg3 b4 17. Bb1 Re8 18. Re1 Nf8 19. Nf3 b3 20. Ne5 Bf6 21. f4 Qc8 22. Qh5 Bxe5 23. dxe5 Bd7 24. f5 Qc5+ 25. Kh2 Qc6 26. Bf4 Nh7 27. Re3 Ng5 28. Rg3 Ne4 29. Bxe4 dxe4 30. Bxh6 g6 31. fxg6 f5 32. Bg7 Kxg7 33. Qh7+ Kf8 34. Qf7# 1-0

[Event "GER Seniors Derby 07th"]
[Site "Wesel Undeloh"]
[Date "2008.03.27"]
[Round "2.6"]
[White "Heckert, Klaus Dieter"]
[Black "Buedenbender, Hermann"]
[Result "1-0"]
[WhiteElo "1942"]
[BlackElo "1713"]
[PlyCount "115"]
[EventDate "2008.03.27"]
[EventType "swiss"]
[EventRounds "7"]
[EventCountry "GER"]
[SourceTitle "EXT 2022"]
[Source "ChessBase"]
[SourceDate "2021.10.06"]
[SourceVersion "1"]
[SourceVersionDate "2021.10.06"]
[SourceQuality "1"]

1. f4 d5 2. Nf3 Nc6 3. e3 a6 4. b3 Nf6 5. Bb2 Bf5 6. Be2 Qd7 7. 0-0 e6 8. Ne5 Nxe5 9. Bxe5 h5 10. h3 Ne4 11. Bf3 Ng3 12. Re1 f6 13. Bb2 Bd6 14. d3 Qc6 15. Nd2 0-0-0 16. Nf1 h4 17. Nxg3 hxg3 18. c4 Qd7 19. d4 c6 20. Qd2 g5 21. fxg5 fxg5 22. e4 Bf4 23. Qe2 dxe4 24. Bxe4 Rhe8 25. Bf3 Qh7 26. Bg4 Bxg4 27. Qxg4 Qf5 28. Qxf5 exf5 29. Rad1 Be3+ 30. Kf1 f4 31. d5 Bf2 32. Rxe8 Rxe8 33. dxc6 bxc6 34. Bf6 Rg8 35. Rd6 Kc7 36. Be5 Re8 37. Re6+ Kd7 38. Rxe8 Kxe8 39. Bf6 g4 40. hxg4 Kf7 41. Be5 Be3 42. Ke2 Ke6 43. Bb8 Kf6 44. Kf3 Kg5 45. Bc7 Bd2 46. Bd8+ Kg6 47. Ke4 Bc1 48. Be7 Bd2 49. a3 Be3 50. b4 Bc1 51. a4 Bd2 52. b5 cxb5 53. cxb5 axb5 54. axb5 Be3 55. Bd8 Kf7 56. b6 Ke8 57. b7 Ba7 58. Bc7 1-0